[Event "4NCL Online Division 1"]
[Site "online"]
[Date "2021.03.09"]
[EventDate "2021.03.09"]
[Round "4.63"]
[White "Wells, Peter K"]
[WhiteTitle "GM"]
[WhiteElo "2414"]
[WhiteTeam "Chessable White Rose 1"]
[Black "Frostick, Clive A"]
[BlackElo "2188"]
[BlackTeam "CSC 1"]
[Result "1/2-1/2"]
[PlyCount "101"]

1. Nf3 d5 2. c4 e6 3. g3 Nf6 4. Bg2 Be7 5. O-O O-O 6. d4 dxc4 7. Qc2 a6 8. a4 Bd7 9. Qxc4 Bc6 10. Bg5 Nbd7 11. Nc3 h6 12. Bxf6 Nxf6 13. Rfe1 Bd5 14. Qd3 Bxf3 15. Bxf3 c6 16. Red1 a5 17. e3 Qd7 18. Ne2 Rfd8 19. Qb3 Bb4 20. Nf4 Qe7 21. Nd3 Bd6 22. e4 Bb8 23. e5 Nd5 24. Bxd5 Rxd5 25. Nf4 Rd7 26. Qc3 Qd8 27. Rd2 Bxe5 28. Ne2 Bf6 29. Rad1 Qb6 30. Qc4 Rad8 31. b3 Qb4 32. Qxb4 axb4 33. Kg2 e5 34. Rc2 exd4 35. Nf4 d3 36. Rcd2 Bc3 37. Rxd3 Rxd3 38. Rxd3 Rxd3 39. Nxd3 b6 40. Kf3 Kf8 41. Ke4 Ke7 42. Nf4 g6 43. h4 Kd6 44. h5 f5+ 45. Kd3 g5 46. Ng2 Ke6 47. Ne3 Be1 48. Ke2 Bc3 49. Kd3 Be1 50. Ke2 Bc3 51. Kd3 {[W: 0:00:24; B: 0:01:36]} 1/2-1/2

[Event "4NCL Online Division 1"]
[Site "online"]
[Date "2021.03.09"]
[EventDate "2021.03.09"]
[Round "4.64"]
[White "Saidmurodov, Shahjahon"]
[WhiteElo "2063"]
[WhiteTeam "CSC 1"]
[Black "Hackner, Oskar A"]
[BlackElo "2414"]
[BlackTeam "Chessable White Rose 1"]
[Result "0-1"]
[PlyCount "100"]

1. e4 e6 2. d4 d5 3. Nc3 Nf6 4. exd5 Nxd5 5. Ne4 Nd7 6. Nf3 Be7 7. Bd3 O-O 8. O-O Nb4 9. Bc4 Nf6 10. Qe2 b6 11. c3 Nbd5 12. Ne5 Bb7 13. Bd3 c5 14. dxc5 bxc5 15. f4 Qb6 16. Kh1 Rad8 17. f5 exf5 18. Rxf5 g6 19. Nc4 Qe6 20. Re5 Qd7 21. Rxe7 Qxe7 22. Bg5 Qe6 23. Rf1 Nxe4 24. Bxd8 Ndxc3 25. bxc3 Rxd8 26. Na5 Bd5 27. c4 Ba8 28. Nb3 Re8 29. Re1 Nf2+ 30. Kg1 Nxd3 31. Qxe6 Rxe6 32. Rd1 Be4 33. Nd2 f5 34. g4 Ne5 35. gxf5 gxf5 36. Nb3 Rg6+ 37. Kf1 Nxc4 38. Rd8+ Kg7 39. Nxc5 Ne3+ 40. Ke2 Ng4 41. Rd7+ Kh6 42. Rxa7 Bc6 43. a4 f4 44. a5 f3+ 45. Kf1 Bb5+ 46. Ke1 f2+ 47. Kd2 Rd6+ 48. Kc2 Ne3+ 49. Kb2 f1=Q 50. Nb3 Qe2+ {[W: 0:15:00; B: 0:28:59]} 0-1

[Event "4NCL Online Division 1"]
[Site "online"]
[Date "2021.03.09"]
[EventDate "2021.03.09"]
[Round "4.71"]
[White "Venkataramanan, T.S."]
[WhiteTitle "FM"]
[WhiteElo "2253"]
[WhiteTeam "Watford 1"]
[Black "Mitchell, Martin"]
[BlackElo "2235"]
[BlackTeam "Spirit of Atticus A"]
[Result "0-1"]
[PlyCount "108"]

1. e4 d6 2. d4 Nf6 3. Nc3 g6 4. Be3 c6 5. Qd2 b5 6. f3 Nbd7 7. O-O-O b4 8. Nb1 a5 9. h4 h5 10. Nh3 Bg7 11. Ng5 Nb6 12. Bd3 Be6 13. e5 Nfd5 14. Nxe6 fxe6 15. f4 Kd7 16. g3 a4 17. a3 Nxe3 18. Qxe3 Nd5 19. Qe4 Qb6 20. Rhe1 Kc7 21. Qxg6 Bf8 22. exd6+ exd6 23. Rxe6 Qxd4 24. Qf7+ Kb6 25. Nd2 bxa3 26. Nc4+ Kc5 27. Nxa3 Bg7 28. c3 Nxc3 29. bxc3 Qxc3+ 30. Nc2 Rhb8 31. Re5+ Bxe5 32. fxe5 d5 33. Qe7+ Kb6 34. Qb4+ Qxb4 35. Nxb4 Rg8 36. Kb2 Rxg3 37. Kc3 a3 38. e6 a2 39. e7 Re3 40. Ra1 Rxe7 41. Rxa2 Rxa2 42. Nxa2 Re3 43. Kd4 Rh3 44. Nc1 Rxh4+ 45. Ke5 Rh3 46. Kf4 c5 47. Bf5 Rh1 48. Ne2 h4 49. Kg4 c4 50. Nf4 Kc5 51. Nh3 d4 52. Kxh4 d3 53. Kg3 d2 54. Nf2 d1=Q {[W: 0:01:06; B: 0:01:34]} 0-1

[Event "4NCL Online Division 1"]
[Site "online"]
[Date "2021.03.09"]
[EventDate "2021.03.09"]
[Round "4.72"]
[White "Carleton, John J"]
[WhiteElo "2126"]
[WhiteTeam "Spirit of Atticus A"]
[Black "Stone, Andrew M"]
[BlackElo "2185"]
[BlackTeam "Watford 1"]
[Result "1/2-1/2"]
[PlyCount "99"]

1. d4 d5 2. c4 e6 3. Nf3 Nf6 4. g3 Bb4+ 5. Nc3 dxc4 6. Bg2 O-O 7. a3 Bxc3+ 8. bxc3 Nd5 9. Qc2 Nc6 10. O-O h6 11. a4 Re8 12. e4 Nf6 13. Ba3 Bd7 14. Nd2 e5 15. d5 Na5 16. Bb4 Nb3 17. Nxb3 cxb3 18. Qxb3 a5 19. Ba3 Rb8 20. c4 b6 21. Rfe1 c5 22. dxc6 Bxc6 23. Rad1 Qc8 24. Rd6 Qb7 25. f3 Nd7 26. Bh3 Nf8 27. Rb1 Qc7 28. Rbd1 Red8 29. Qc2 Re8 30. c5 b5 31. axb5 Rxb5 32. Bf1 Rbb8 33. Bc4 Ne6 34. Bxe6 Rxe6 35. Rxe6 fxe6 36. Rd6 Kf7 37. Qc3 Qb7 38. Kg2 Bxe4 39. fxe4 Qxe4+ 40. Kf2 Qf5+ 41. Kg2 Rb1 42. Qd3 e4 43. Qxb1 Qf3+ 44. Kh3 Qh5+ 45. Kg2 Qf3+ 46. Kg1 Qe3+ 47. Kf1 Qf3+ 48. Kg1 Qe3+ 49. Kf1 Qf3+ 50. Kg1 {[W: 0:01:37; B: 0:02:27]} 1/2-1/2

[Event "4NCL Online Division 1"]
[Site "online"]
[Date "2021.03.09"]
[EventDate "2021.03.09"]
[Round "4.73"]
[White "Karumazondo, Ernest"]
[WhiteElo "2194"]
[WhiteTeam "Watford 1"]
[Black "Ellames, Roy"]
[BlackElo "2041"]
[BlackTeam "Spirit of Atticus A"]
[Result "1-0"]
[PlyCount "81"]

1. e4 e6 2. d4 d5 3. e5 c5 4. c3 Nc6 5. Nf3 Bd7 6. Bd3 cxd4 7. cxd4 Qb6 8. Nbd2 Nb4 9. Be2 Rc8 10. O-O Bb5 11. Bxb5+ Qxb5 12. Nb3 Ne7 13. Bd2 Ng6 14. g3 Be7 15. h4 h6 16. Rc1 Kd7 17. h5 Rxc1 18. Nxc1 Nf8 19. Bxb4 Bxb4 20. Qb3 Qb6 21. Qa4+ Kd8 22. Nd3 Be7 23. Rc1 Nh7 24. Rc3 Re8 25. Rc8+ Kxc8 26. Qxe8+ Bd8 27. Qxf7 Ng5 28. Nxg5 Bxg5 29. Nc5 Qc6 30. Qg8+ Kc7 31. Qxg7+ Kb6 32. f4 Bd8 33. Qxh6 Ka5 34. Qxe6 Qb5 35. Nb3+ Ka4 36. h6 Qe2 37. Qd7+ b5 38. Qxa7+ Kb4 39. Qa3+ Kc4 40. Qc5+ Kd3 41. Nc1+ {[W: 0:05:18; B: 0:01:16]} 1-0

[Event "4NCL Online Division 1"]
[Site "online"]
[Date "2021.03.09"]
[EventDate "2021.03.09"]
[Round "4.74"]
[White "Phillips, David A"]
[WhiteElo "2045"]
[WhiteTeam "Spirit of Atticus A"]
[Black "Holland, Edward N"]
[BlackElo "2212"]
[BlackTeam "Watford 1"]
[Result "1-0"]
[PlyCount "87"]

1. Nf3 b5 2. g3 Bb7 3. Bg2 g6 4. O-O Bg7 5. d3 Nf6 6. c4 bxc4 7. dxc4 O-O 8. Nc3 a5 9. Qc2 Na6 10. a3 Nc5 11. b3 Qb8 12. Nd2 Bxg2 13. Kxg2 Qb7+ 14. Kg1 Rfb8 15. Rb1 Ra6 16. e4 h5 17. h4 Rb6 18. e5 Ng4 19. Nd5 Re6 20. b4 axb4 21. axb4 Na6 22. b5 Nc5 23. Ba3 d6 24. exd6 exd6 25. Bxc5 dxc5 26. Ne4 Bd4 27. Ng5 Ree8 28. Nf3 Bg7 29. Kg2 Qc8 30. Rfe1 Qd7 31. Qd2 Rbd8 32. Qf4 Rc8 33. Rbd1 Rxe1 34. Rxe1 Re8 35. Qxc7 Qd8 36. Rxe8+ Qxe8 37. b6 Qe2 38. Qxc5 Bf8 39. Qd4 Bg7 40. Qd2 Qxc4 41. b7 Qb5 42. Ne7+ Kh7 43. Ng5+ Kh6 44. Ng8# {[W: 0:11:57; B: 0:01:46]} 1-0

[Event "4NCL Online Division 1"]
[Site "online"]
[Date "2021.03.09"]
[EventDate "2021.03.09"]
[Round "4.81"]
[White "Villiers, Thomas"]
[WhiteTitle "CM"]
[WhiteElo "2338"]
[WhiteTeam "Mushrooms 1"]
[Black "Sutton, Daniel"]
[BlackElo "2007"]
[BlackTeam "Sussex Starlings"]
[Result "1-0"]
[PlyCount "95"]

1. d4 d5 2. c4 e6 3. Nc3 Nf6 4. Bg5 Be7 5. e3 O-O 6. Nf3 Nbd7 7. Qc2 h6 8. Bh4 b6 9. cxd5 exd5 10. Bd3 Bb7 11. O-O Rc8 12. Bf5 c6 13. Ne5 Ra8 14. f4 Nxe5 15. fxe5 Ne8 16. Bxe7 Qxe7 17. Rf3 f6 18. Raf1 Nc7 19. Bh7+ Kh8 20. Qg6 Rae8 21. exf6 Rxf6 22. Rxf6 gxf6 23. Qxh6 Qxh7 24. Qxf6+ Qg7 25. Qh4+ Kg8 26. Rf3 Re6 27. Ne2 Rh6 28. Qd8+ Kh7 29. Rg3 Qf7 30. Rf3 Qg7 31. Ng3 Ne6 32. Qe8 Ng5 33. Rf4 Qg8 34. Qe7+ Qg7 35. Qxg7+ Kxg7 36. Nf5+ Kg6 37. Nxh6 Kxh6 38. h4 Ne4 39. Rf7 Ba6 40. Rxa7 Bc4 41. b3 Bd3 42. Rb7 b5 43. a4 bxa4 44. bxa4 Kh5 45. Rh7+ Kg6 46. Rc7 Kh5 47. Rxc6 Kxh4 48. a5 {[W: 0:39:05; B: 0:02:20]} 1-0

[Event "4NCL Online Division 1"]
[Site "online"]
[Date "2021.03.09"]
[EventDate "2021.03.09"]
[Round "4.82"]
[White "Bennet-Stevens, Lucy"]
[WhiteElo "2002"]
[WhiteTeam "Sussex Starlings"]
[Black "Wilks, Simon"]
[BlackElo "2150"]
[BlackTeam "Mushrooms 1"]
[Result "0-1"]
[PlyCount "100"]

1. e4 e6 2. d4 d5 3. e5 c5 4. c3 Nc6 5. Nf3 Bd7 6. a3 c4 7. Be2 Na5 8. Nbd2 Bc6 9. O-O Qd7 10. a4 Ne7 11. Qc2 h6 12. Bd1 Nc8 13. Qb1 Nb6 14. Qa2 Be7 15. b4 cxb3 16. Nxb3 Nbc4 17. Nxa5 Nxa5 18. Ba3 Bxa3 19. Qxa3 Qe7 20. Qb4 b6 21. Be2 Rc8 22. Nd2 Rc7 23. Ba6 O-O 24. Qxe7 Rxe7 25. Bb5 Rc8 26. Rfc1 Rec7 27. Ba6 Bb7 28. Bxb7 Rxb7 29. Rc2 Rbc7 30. Ra3 Nc4 31. Nxc4 Rxc4 32. Kf1 Rxd4 33. f3 Rdc4 34. Ke2 Kf8 35. Kd3 d4 36. g3 Ke7 37. f4 Kd7 38. Raa2 Rxc3+ 39. Rxc3 dxc3 40. Rc2 Rc5 41. Kd4 Kc6 42. h3 a6 43. g4 b5 44. axb5+ axb5 45. f5 Rd5+ 46. Ke4 b4 47. h4 Rd2 48. Rc1 Kc5 49. g5 hxg5 50. hxg5 Rd4+ {[W: 0:00:43; B: 0:18:25]} 0-1

[Event "4NCL Online Division 1"]
[Site "online"]
[Date "2021.03.09"]
[EventDate "2021.03.09"]
[Round "4.84"]
[White "Finn, Daniel"]
[WhiteElo "1823"]
[WhiteTeam "Sussex Starlings"]
[Black "Scott, David A"]
[BlackElo "2004"]
[BlackTeam "Mushrooms 1"]
[Result "0-1"]
[PlyCount "68"]

1. d4 d5 2. c4 c6 3. Nc3 Nf6 4. e3 e6 5. Nf3 Nbd7 6. Bd2 Bd6 7. Rc1 O-O 8. Bd3 dxc4 9. Bxc4 b5 10. Bd3 Bb7 11. O-O Rc8 12. Re1 a6 13. Ne4 Nxe4 14. Bxe4 f5 15. Bd3 c5 16. Be2 h6 17. Bc3 b4 18. Bd2 a5 19. b3 Qf6 20. dxc5 Bxc5 21. Bc3 bxc3 22. Qxd7 Bc6 23. Qd3 Bb4 24. Nd4 Be4 25. Qb5 c2 26. Rf1 Bd2 27. Bd3 Bxd3 28. Qxd3 Bxc1 29. Rxc1 e5 30. Nxc2 Rfd8 31. Qf1 Qc6 32. h3 Rd2 33. Qc4+ Qxc4 34. bxc4 Rxc4 {[W: 0:00:27; B: 0:03:30]} 0-1

[Event "4NCL Online Division 1"]
[Site "online"]
[Date "2021.03.09"]
[EventDate "2021.03.09"]
[Round "4.91"]
[White "Paul, Nathanael"]
[WhiteElo "2043"]
[WhiteTeam "Shropshire 1"]
[Black "Zakarian, David"]
[BlackTitle "FM"]
[BlackElo "2370"]
[BlackTeam "Oxford 1"]
[Result "0-1"]
[PlyCount "90"]

1. d4 Nf6 2. Nc3 e6 3. Bf4 Bb4 4. e3 Nd5 5. Ne2 Nxf4 6. Nxf4 O-O 7. Bd3 Bxc3+ 8. bxc3 d6 9. Qh5 h6 10. h4 Nd7 11. Qf3 e5 12. Nh5 Nf6 13. Nxf6+ Qxf6 14. Qe4 g6 15. g4 Qe6 16. h5 exd4 17. hxg6 Qxe4 18. gxf7+ Kxf7 19. Bxe4 dxe3 20. fxe3 Re8 21. Bd5+ Kg7 22. Kd2 c6 23. Bf3 Rf8 24. Rh3 Be6 25. Rah1 Rae8 26. Be2 Rf2 27. Ke1 Rxe2+ 28. Kxe2 Bxg4+ 29. Kd3 Bf5+ 30. Ke2 Bxh3 31. Rxh3 Re5 32. Rh4 h5 33. Rb4 b6 34. Rd4 Rd5 35. Re4 Re5 36. Rf4 Re6 37. Rh4 Kg6 38. Rf4 Kg5 39. Rf7 a5 40. c4 h4 41. Rb7 h3 42. Rxb6 h2 43. Rb1 Kg4 44. Rf1 Rh6 45. Rh1 Kg3 {[W: 0:20:10; B: 0:02:48]} 0-1

[Event "4NCL Online Division 1"]
[Site "online"]
[Date "2021.03.09"]
[EventDate "2021.03.09"]
[Round "4.92"]
[White "Savage, Ben D M"]
[WhiteTitle "FM"]
[WhiteElo "2276"]
[WhiteTeam "Oxford 1"]
[Black "Hurney, Kevin"]
[BlackElo "2036"]
[BlackTeam "Shropshire 1"]
[Result "1-0"]
[PlyCount "67"]

1. d4 Nf6 2. c4 g6 3. Nc3 Bg7 4. e4 d6 5. Nf3 O-O 6. Be2 Nc6 7. O-O e5 8. d5 Ne7 9. Ne1 Ne8 10. Nd3 f5 11. f3 f4 12. Bd2 g5 13. g4 Ng6 14. Be1 Rf7 15. b4 Nf6 16. h3 Bf8 17. Kg2 Be7 18. c5 h5 19. Rh1 Rh7 20. Bf2 Bd7 21. Qb3 Kg7 22. Qc4 Qh8 23. Nb5 Bxb5 24. Qxb5 b6 25. Qc6 Rc8 26. Rac1 hxg4 27. hxg4 Nh4+ 28. Bxh4 Rxh4 29. cxb6 axb6 30. Nf2 Kf7 31. Rxh4 Qxh4 32. Rh1 Qg3+ 33. Kf1 Nxg4 34. Nxg4 {[W: 0:21:21; B: 0:10:52]} 1-0

[Event "4NCL Online Division 1"]
[Site "online"]
[Date "2021.03.09"]
[EventDate "2021.03.09"]
[Round "4.93"]
[White "Zabrocki, Philip"]
[WhiteElo "2025"]
[WhiteTeam "Shropshire 1"]
[Black "Smallbone, Kieran D"]
[BlackElo "2281"]
[BlackTeam "Oxford 1"]
[Result "0-1"]
[PlyCount "68"]

1. e4 c6 2. d4 d5 3. e5 Bf5 4. h4 c5 5. dxc5 Nc6 6. Bb5 Qc7 7. Nf3 O-O-O 8. Bxc6 bxc6 9. O-O Bg4 10. Re1 e6 11. b4 f6 12. Bf4 g5 13. hxg5 fxg5 14. Bxg5 Ne7 15. Qd3 Rg8 16. Bxe7 Bxe7 17. Nd4 Rdf8 18. Re3 Bg5 19. Qa6+ Kd7 20. Ra3 Bc1 21. b5 Bxa3 22. Nxa3 Bh3 23. g3 Qxe5 24. Qxc6+ Ke7 25. Qxe6+ Qxe6 26. Nxe6 Bxe6 27. c6 Rf3 28. Nb1 Rgf8 29. Nd2 Rxf2 30. Rd1 Bg4 31. Re1+ Kd6 32. Nb3 Bh3 33. c7 Rg2+ 34. Kh1 Rff2 {[W: 0:01:50; B: 0:04:27]} 0-1

[Event "4NCL Online Division 1"]
[Site "online"]
[Date "2021.03.09"]
[EventDate "2021.03.09"]
[Round "4.94"]
[White "Cole, James"]
[WhiteElo "2112"]
[WhiteTeam "Oxford 1"]
[Black "Walsh, Marcus"]
[BlackElo "1999"]
[BlackTeam "Shropshire 1"]
[Result "1-0"]
[PlyCount "91"]

1. d4 Nf6 2. c4 c5 3. d5 e6 4. Nc3 exd5 5. cxd5 d6 6. g3 g6 7. Bg2 a6 8. a4 Bg7 9. Nf3 O-O 10. O-O Nbd7 11. Nd2 Re8 12. h3 Rb8 13. Nc4 Nb6 14. Na3 Bd7 15. e4 Qc7 16. Re1 Nc8 17. Qd3 Bxa4 18. Nxa4 b5 19. Nxc5 Qxc5 20. Be3 Qc7 21. Rac1 Qd8 22. Bd4 Nd7 23. Bxg7 Kxg7 24. f4 Kg8 25. Kh2 Ncb6 26. b3 Nc5 27. Qb1 Rc8 28. Rcd1 Qf6 29. Nc2 h5 30. h4 Ncd7 31. Nd4 Rc5 32. Qa1 Kg7 33. Rf1 Rec8 34. e5 dxe5 35. fxe5 Qd8 36. e6 Nf6 37. exf7 Kxf7 38. Ne6 Qe7 39. Nxc5 Rxc5 40. d6 Qe5 41. Qxe5 Rxe5 42. d7 Nxd7 43. Rxd7+ Ke6 44. Bh3+ Ng4+ 45. Bxg4+ hxg4 46. Rd3 {[W: 0:01:51; B: 0:02:25]} 1-0

[Event "4NCL Online Division 1"]
[Site "online"]
[Date "2021.03.09"]
[EventDate "2021.03.09"]
[Round "4.101"]
[White "Redmond, John P."]
[WhiteElo "2298"]
[WhiteTeam "Atticus A"]
[Black "Pert, Richard G"]
[BlackTitle "IM"]
[BlackElo "2513"]
[BlackTeam "Brentwood A"]
[Result "1/2-1/2"]
[PlyCount "48"]

1. Nf3 d5 2. c4 e6 3. g3 dxc4 4. Qa4+ Nd7 5. Bg2 a6 6. Qxc4 b5 7. Qc2 Bb7 8. O-O Ngf6 9. d3 Be7 10. a4 c5 11. axb5 axb5 12. Rxa8 Qxa8 13. Nc3 Bc6 14. Nh4 Nd5 15. Bxd5 Bxd5 16. Nxb5 Qb7 17. Nc3 Bc6 18. Nf3 Bxf3 19. exf3 Qxf3 20. Qa4 Qb7 21. Qe4 Qc8 22. Be3 O-O 23. d4 Rd8 24. Rd1 h6 {[W: 0:07:48; B: 0:14:35]} 1/2-1/2

[Event "4NCL Online Division 1"]
[Site "online"]
[Date "2021.03.09"]
[EventDate "2021.03.09"]
[Round "4.102"]
[White "Haydon, David L"]
[WhiteTitle "FM"]
[WhiteElo "2435"]
[WhiteTeam "Brentwood A"]
[Black "Kennaugh, Charles W"]
[BlackTitle "FM"]
[BlackElo "2239"]
[BlackTeam "Atticus A"]
[Result "1-0"]
[PlyCount "47"]

1. Nf3 d5 2. e3 c6 3. b3 Bg4 4. Bb2 Nd7 5. d4 e6 6. Nbd2 Ngf6 7. Bd3 Bd6 8. c4 O-O 9. Qc2 Qc7 10. O-O Rfe8 11. Rac1 Rad8 12. c5 Bf8 13. Ne5 Bh5 14. f4 Bg6 15. b4 a6 16. a4 Nxe5 17. dxe5 Nd7 18. Bxg6 hxg6 19. Bd4 g5 20. Nf3 gxf4 21. Ng5 g6 22. Nxf7 Kxf7 23. Rxf4+ Kg7 24. Rg4 {[W: 0:39:06; B: 0:23:59]} 1-0

[Event "4NCL Online Division 1"]
[Site "online"]
[Date "2021.03.09"]
[EventDate "2021.03.09"]
[Round "4.103"]
[White "James, David J"]
[WhiteTitle "FM"]
[WhiteElo "2147"]
[WhiteTeam "Atticus A"]
[Black "Bowden, Karl"]
[BlackElo "2340"]
[BlackTeam "Brentwood A"]
[Result "0-1"]
[PlyCount "104"]

1. d4 Nf6 2. Bf4 g6 3. Nf3 Bg7 4. e3 O-O 5. Be2 d6 6. O-O Nbd7 7. h3 Ne4 8. Nbd2 Nxd2 9. Qxd2 e5 10. Bg5 f6 11. Bh4 e4 12. Ne1 Qe7 13. c4 g5 14. Bg3 f5 15. Nc2 Nf6 16. d5 Nd7 17. Nd4 Ne5 18. Rac1 a5 19. b3 Bd7 20. a3 c5 21. dxc6 bxc6 22. b4 Bh6 23. f4 exf3 24. Nxf3 Nxf3+ 25. Bxf3 g4 26. Bf4 Bxf4 27. exf4 gxf3 28. Rxf3 axb4 29. axb4 Rae8 30. Rd3 Rf6 31. Rd1 Qe2 32. Rxd6 Qxd2 33. R1xd2 Rxd6 34. Rxd6 Re7 35. Kf2 Kg7 36. Kf3 Be8 37. g4 Re4 38. b5 Rxc4 39. bxc6 Rxc6 40. Rd3 Rc5 41. Kg3 Bg6 42. Re3 Rc7 43. h4 fxg4 44. Kxg4 h5+ 45. Kf3 Bf5 46. Ra3 Rc6 47. Rb3 Kf6 48. Ra3 Re6 49. Rb3 Bg4+ 50. Kg3 Rd6 51. Ra3 Bf5 52. Rb3 Rd3+ {[W: 0:05:42; B: 0:10:42]} 0-1

[Event "4NCL Online Division 1"]
[Site "online"]
[Date "2021.03.09"]
[EventDate "2021.03.09"]
[Round "4.104"]
[White "White, Russell P"]
[WhiteElo "2105"]
[WhiteTeam "Brentwood A"]
[Black "Kee, Steve"]
[BlackElo "2098"]
[BlackTeam "Atticus A"]
[Result "1-0"]
[PlyCount "55"]

1. e4 c5 2. d4 cxd4 3. c3 g6 4. Nf3 Bg7 5. cxd4 d5 6. e5 Nh6 7. Nc3 O-O 8. Qb3 Nc6 9. Bg5 Nf5 10. Rd1 h6 11. Bc1 e6 12. Be2 f6 13. g4 Nfe7 14. exf6 Rxf6 15. g5 hxg5 16. Bxg5 Rf5 17. Rg1 Qf8 18. Nb5 Qd8 19. Qa3 a6 20. Nd6 Rf8 21. Ne5 Nxd4 22. Rxd4 Bxe5 23. Bxe7 Qxe7 24. Rxg6+ Bg7 25. Nf5 Qf7 26. Rxg7+ Qxg7 27. Nxg7 Kxg7 28. Qe7+ {[W: 0:05:44; B: 0:04:05]} 1-0

[Event "4NCL Online Division 1"]
[Site "online"]
[Date "2021.03.09"]
[EventDate "2021.03.09"]
[Round "4.111"]
[White "Lalic, Bogdan"]
[WhiteTitle "GM"]
[WhiteElo "2418"]
[WhiteTeam "Catford Cosmonauts 1"]
[Black "Sielecki, Christof"]
[BlackTitle "IM"]
[BlackElo "2435"]
[BlackTeam "Chessable White Rose 2"]
[Result "1/2-1/2"]
[PlyCount "23"]

1. d4 d6 2. Nf3 g6 3. g3 Bg7 4. Bg2 Nf6 5. O-O O-O 6. c4 c6 7. Nc3 Bf5 8. b3 Ne4 9. Bb2 Nxc3 10. Bxc3 Be4 11. e3 d5 12. Qe2 {[W: 0:45:08; B: 0:46:17]} 1/2-1/2

[Event "4NCL Online Division 1"]
[Site "online"]
[Date "2021.03.09"]
[EventDate "2021.03.09"]
[Round "4.112"]
[White "Keetman, Maaike"]
[WhiteTitle "WFM"]
[WhiteElo "2233"]
[WhiteTeam "Chessable White Rose 2"]
[Black "Sedykh, Mikhail"]
[BlackElo "2171"]
[BlackTeam "Catford Cosmonauts 1"]
[Result "1/2-1/2"]
[PlyCount "60"]

1. e4 c5 2. Nf3 Nc6 3. Bb5 g6 4. Bxc6 dxc6 5. d3 Bg7 6. h3 Nf6 7. O-O Nd7 8. Nc3 e5 9. Be3 Qe7 10. Qd2 O-O 11. Bh6 f6 12. Bxg7 Kxg7 13. Ne2 Rf7 14. c3 Nf8 15. Rad1 a5 16. Rfe1 Be6 17. Nc1 Rd8 18. Qe3 Kg8 19. d4 cxd4 20. cxd4 exd4 21. Nxd4 Bc8 22. Ncb3 c5 23. Nb5 b6 24. Nc3 Bb7 25. Nd2 Qe6 26. b3 Rfd7 27. Qe2 Kg7 28. f3 Rd3 29. Nd5 Rd4 30. Ne3 a4 {[W: 0:06:49; B: 0:02:52]} 1/2-1/2

[Event "4NCL Online Division 1"]
[Site "online"]
[Date "2021.03.09"]
[EventDate "2021.03.09"]
[Round "4.113"]
[White "Roberts, Mike"]
[WhiteElo "2071"]
[WhiteTeam "Catford Cosmonauts 1"]
[Black "Gayson, Peter M"]
[BlackTitle "FM"]
[BlackElo "2253"]
[BlackTeam "Chessable White Rose 2"]
[Result "1/2-1/2"]
[PlyCount "90"]

1. e4 c5 2. Nf3 e6 3. c4 Nf6 4. Nc3 d5 5. cxd5 exd5 6. e5 Ne4 7. Nxe4 dxe4 8. Qa4+ Nc6 9. Qxe4 Be7 10. Bc4 O-O 11. O-O Be6 12. b3 Qd7 13. Bb2 Rad8 14. Rfe1 a6 15. Rad1 b5 16. Bxe6 fxe6 17. d4 cxd4 18. Nxd4 Bc5 19. Qxc6 Bxd4 20. Qxd7 Bxf2+ 21. Kh1 Rxd7 22. Rf1 Rxd1 23. Rxd1 Rc8 24. Rd2 Be3 25. Re2 Bc1 26. Bd4 Rd8 27. Bg1 Rd5 28. g3 Bd2 29. Bb6 Bc3 30. Bc7 Kf7 31. Kg2 Kg6 32. Kf3 Kf5 33. g4+ Kg5 34. Re3 Bb2 35. Bd6 h5 36. Be7+ Kg6 37. Bd6 hxg4+ 38. Kxg4 Rd4+ 39. Kg3 Kf5 40. Rf3+ Ke4 41. h4 Rd5 42. Rf4+ Ke3 43. Rf3+ Ke4 44. Rf4+ Ke3 45. Rf3+ Ke4 {[W: 0:02:18; B: 0:01:57]} 1/2-1/2

[Event "4NCL Online Division 1"]
[Site "online"]
[Date "2021.03.09"]
[EventDate "2021.03.09"]
[Round "4.114"]
[White "Wall, Tim P"]
[WhiteTitle "FM"]
[WhiteElo "2275"]
[WhiteTeam "Chessable White Rose 2"]
[Black "Robertson, Mark M"]
[BlackElo "2066"]
[BlackTeam "Catford Cosmonauts 1"]
[Result "1-0"]
[PlyCount "45"]

1. d4 Nf6 2. Nf3 g6 3. g3 Bg7 4. Bg2 O-O 5. O-O d6 6. b3 Nbd7 7. Bb2 c6 8. c4 e5 9. dxe5 dxe5 10. Nxe5 Ng4 11. Nd3 Bxb2 12. Nxb2 Qf6 13. Qc1 Nc5 14. Nc3 a5 15. h3 Ne5 16. f4 Ned7 17. e4 Re8 18. e5 Qf5 19. Qd2 f6 20. g4 Qe6 21. Nd5 Na6 22. exf6 Kf8 23. f5 {[W: 0:07:36; B: 0:14:41]} 1-0

[Event "4NCL Online Division 1"]
[Site "online"]
[Date "2021.03.09"]
[EventDate "2021.03.09"]
[Round "4.121"]
[White "Gray, Euan"]
[WhiteElo "2083"]
[WhiteTeam "Alba Bon Accord 1"]
[Black "Parker, Jonathan F"]
[BlackTitle "GM"]
[BlackElo "2472"]
[BlackTeam "Barbican"]
[Result "1/2-1/2"]
[PlyCount "79"]

1. d4 Nf6 2. c4 e6 3. Nc3 Bb4 4. e3 O-O 5. Bd3 d5 6. Nf3 c5 7. O-O dxc4 8. Bxc4 cxd4 9. exd4 a6 10. Qe2 b5 11. Bd3 Bb7 12. Rd1 Be7 13. a3 Nbd7 14. h3 Nb6 15. Bd2 Rc8 16. Bg5 h6 17. Bh4 Nbd5 18. Nxd5 Qxd5 19. a4 bxa4 20. Bxa6 Bxa6 21. Qxa6 Ra8 22. Qe2 Qb7 23. Ne5 Nd5 24. Bxe7 Qxe7 25. Nd3 a3 26. Rdc1 axb2 27. Qxb2 Rxa1 28. Qxa1 Qg5 29. Qb2 Rd8 30. Rc5 Qf5 31. Nb4 Qe4 32. Nxd5 Rxd5 33. Rxd5 Qxd5 34. Qc3 f6 35. Qc8+ Kf7 36. Qc7+ Kg6 37. Qg3+ Kf7 38. Qc7+ Kg6 39. Qg3+ Kf7 40. Qc7+ {[W: 0:14:33; B: 0:03:38]} 1/2-1/2

[Event "4NCL Online Division 1"]
[Site "online"]
[Date "2021.03.09"]
[EventDate "2021.03.09"]
[Round "4.122"]
[White "Jackson, James P"]
[WhiteTitle "IM"]
[WhiteElo "2408"]
[WhiteTeam "Barbican"]
[Black "Jennings, Richard"]
[BlackElo "2013"]
[BlackTeam "Alba Bon Accord 1"]
[Result "1-0"]
[PlyCount "111"]

1. e4 e5 2. Nf3 Nf6 3. Nxe5 d6 4. Nf3 Nxe4 5. Nc3 Nxc3 6. dxc3 Be7 7. Be3 Nc6 8. Qd2 O-O 9. O-O-O Ne5 10. Nxe5 dxe5 11. Bd3 c6 12. Qe2 Qc7 13. g4 Be6 14. Kb1 Rad8 15. c4 a6 16. Bc1 Rd4 17. f3 b5 18. c3 Rd7 19. Rhe1 Rfd8 20. cxb5 axb5 21. Bc2 Rxd1 22. Rxd1 Rxd1 23. Qxd1 g6 24. Qe2 Qd6 25. Qf2 Qd5 26. b3 Bc5 27. Be3 Ba3 28. Qe2 Kg7 29. h4 Qd8 30. Bg5 f6 31. Be3 Qd6 32. h5 g5 33. b4 Bc4 34. Qf2 Qd5 35. Bxg5 Bxa2+ 36. Ka1 fxg5 37. Qa7+ Qf7 38. Qxa3 Bd5 39. Bf5 Bxf3 40. Qc1 Kf6 41. Qe3 Qd5 42. h6 Qd1+ 43. Bb1 Bd5 44. Qc5 Qa4+ 45. Kb2 Qb3+ 46. Kc1 Qa3+ 47. Kd2 Qb2+ 48. Bc2 Ke6 49. Qf8 Be4 50. Qe8+ Kd6 51. Qd8+ Ke6 52. Qe8+ Kd5 53. Qd7+ Kc4 54. Qe6+ Bd5 55. Qxe5 c5 56. Qe2# {[W: 0:05:52; B: 0:00:31]} 1-0

[Event "4NCL Online Division 1"]
[Site "online"]
[Date "2021.03.09"]
[EventDate "2021.03.09"]
[Round "4.123"]
[White "Grassie, Duncan"]
[WhiteElo "1987"]
[WhiteTeam "Alba Bon Accord 1"]
[Black "Rogers, Jonathan W"]
[BlackTitle "FM"]
[BlackElo "2385"]
[BlackTeam "Barbican"]
[Result "1-0"]
[PlyCount "59"]

1. d4 f5 2. Bg5 g6 3. e3 Nh6 4. Nf3 Nf7 5. Bh4 Bg7 6. c4 O-O 7. Nc3 c6 8. Be2 d6 9. O-O Qe8 10. d5 Na6 11. Rc1 Bd7 12. a3 h6 13. b4 Rc8 14. dxc6 Bxc6 15. Nd4 Bd7 16. Bf3 Rb8 17. Ndb5 Ne5 18. Bd5+ Kh8 19. f4 Ng4 20. Qf3 Bxb5 21. Nxb5 Qd7 22. Rfd1 e6 23. Be4 g5 24. Rxd6 Qe7 25. fxg5 Ne5 26. Qh5 fxe4 27. gxh6 Bf6 28. Qxe5 Bxe5 29. Bxe7 Bxd6 30. Bxd6 {[W: 0:09:27; B: 0:06:49]} 1-0